| 000 -LEADER |
| fixed length control field |
00639cam a22001934a 4500 |
| 020 ## - INTERNATIONAL STANDARD BOOK NUMBER |
| ISBN |
1875093443 |
| 040 ## - CATALOGING SOURCE |
| Transcribing agency |
DLC |
| 082 00 - DEWEY DECIMAL CLASSIFICATION NUMBER |
| Classification number |
615 BRI 2004 C155 Or. |
| 100 1# - MAIN ENTRY--AUTHOR NAME |
| Personal name |
Van Wyk, Ben-Erik. |
| 245 10 - TITLE STATEMENT |
| Title |
Medicinal plants of the world : |
| Remainder of title |
an illustrated scientific guide to important medicinal plants and their uses / |
| 250 ## - EDITION STATEMENT |
| Edition statement |
1st ed. |
| 260 ## - PUBLICATION, DISTRIBUTION, ETC. (IMPRINT) |
| Place of publication |
Pretoria, South Africa : |
| Name of publisher |
Briza Pub., |
| Year of publication |
2004. |
| 300 ## - PHYSICAL DESCRIPTION |
| Number of Pages |
480 p. : |
| Other physical details |
ill. (some col.) ; |
| Dimensions |
25 cm. |
| 650 #0 - SUBJECT ADDED ENTRY--TOPICAL TERM |
| Topical Term |
Medicinal plants. |
| 650 #0 - SUBJECT ADDED ENTRY--TOPICAL TERM |
| Topical Term |
Materia medica, Vegetable. |
| 700 1# - ADDED ENTRY--PERSONAL NAME |
| Personal name |
Wink, Michael. |
| 856 41 - ELECTRONIC LOCATION AND ACCESS |
| Uniform Resource Identifier |
http://www.loc.gov/catdir/toc/fy045/2004377998.html |
| 942 ## - ADDED ENTRY ELEMENTS (KOHA) |
| Koha item type |
ADB |
| 952 ## - LOCATION AND ITEM INFORMATION (KOHA) |
| Withdrawn status [LOCAL, KOHA] |
0 |